[Event "Mecklenburg VP LL2 Ost 1415"]
[Site "Mecklenburg VP"]
[Date "2014.09.21"]
[Round "1.1"]
[White "Luethke, Hans Eckart"]
[Black "Stork, Michael"]
[Result "1-0"]
[WhiteElo "2121"]
[BlackElo "2038"]
[PlyCount "41"]
[EventDate "2014.09.21"]
[EventType "team-tourn"]
[EventRounds "9"]
[EventCountry "GER"]
[SourceTitle "EXT 2022"]
[Source "ChessBase"]
[SourceDate "2021.10.06"]
[SourceVersion "1"]
[SourceVersionDate "2021.10.06"]
[SourceQuality "1"]
[WhiteTeam "Graal Mueritz"]
[BlackTeam "Waren ESV"]
[WhiteTeamCountry "GER"]
[BlackTeamCountry "GER"]

1. e4 c5 2. Nf3 d6 3. d4 cxd4 4. Qxd4 a6 5. h3 Nf6 6. Be2 Nc6 7. Qe3 g6 8. 0-0 Bg7 9. c4 0-0 10. Nc3 Nb4 11. Rb1 Be6 12. a3 Nc6 13. b4 h6 14. Rd1 Nd7 15. Nd5 f5 16. Nf4 Bf7 17. exf5 gxf5 18. Ne6 Bxe6 19. Qxe6+ Rf7 20. c5 Nf8 21. Qb3 1-0

[Event "Mecklenburg VP LL2 Ost 1314"]
[Site "Mecklenburg VP"]
[Date "2014.03.16"]
[Round "7.1"]
[White "Luethke, Hans Eckart"]
[Black "Voelschow, Siegfried"]
[Result "1-0"]
[WhiteElo "2096"]
[BlackElo "1975"]
[PlyCount "103"]
[EventDate "2013.10.27"]
[EventType "team-tourn"]
[EventRounds "9"]
[EventCountry "GER"]
[SourceTitle "EXT 2022"]
[Source "ChessBase"]
[SourceDate "2021.10.06"]
[SourceVersion "1"]
[SourceVersionDate "2021.10.06"]
[SourceQuality "1"]
[WhiteTeam "Graal Mueritz"]
[BlackTeam "Waterkant Saal SV"]
[WhiteTeamCountry "GER"]
[BlackTeamCountry "GER"]

1. e4 e5 2. Nf3 Nc6 3. d4 exd4 4. Nxd4 Bc5 5. Be3 Qf6 6. c3 Nge7 7. Bc4 Ng6 8. 0-0 Nge5 9. Be2 d6 10. Nb5 Qe7 11. Bxc5 dxc5 12. f4 a6 13. N5a3 Ng6 14. Nd2 b5 15. Nc2 c4 16. Qe1 Qc5+ 17. Qf2 Qxf2+ 18. Rxf2 Bb7 19. g3 0-0-0 20. Bf1 Rhe8 21. Re1 Nf8 22. a4 Ne6 23. axb5 axb5 24. b4 cxb3 25. Nxb3 b4 26. cxb4 Ned4 27. Ncxd4 Nxd4 28. Nc5 f5 29. Nxb7 Kxb7 30. e5 Kb6 31. Ra1 Ra8 32. Rfa2 Rxa2 33. Rxa2 g5 34. Kf2 gxf4 35. gxf4 Nb5 36. Ke3 Rd8 37. Bd3 Nc3 38. Ra6+ Kb7 39. Rh6 Nd1+ 40. Ke2 Nc3+ 41. Kd2 Nd5 42. Bxf5 Nxf4+ 43. Kc2 Re8 44. Be4+ Kc8 45. Bf5+ Kb7 46. e6 Re7 47. h4 Kc6 48. Bxh7 Rxe6 49. Rxe6+ Nxe6 50. h5 Kb5 51. Kc3 Nf4 52. Bd3+ 1-0

[Event "Mecklenburg VP LL2 Ost 1314"]
[Site "Mecklenburg VP"]
[Date "2013.12.15"]
[Round "4.1"]
[White "Patzenhauer, Max"]
[Black "Luethke, Hans Eckart"]
[Result "1/2-1/2"]
[WhiteElo "1858"]
[BlackElo "2096"]
[PlyCount "71"]
[EventDate "2013.10.27"]
[EventType "team-tourn"]
[EventRounds "9"]
[EventCountry "GER"]
[SourceTitle "EXT 2022"]
[Source "ChessBase"]
[SourceDate "2021.10.06"]
[SourceVersion "1"]
[SourceVersionDate "2021.10.06"]
[SourceQuality "1"]
[WhiteTeam "Graal Mueritz"]
[BlackTeam "Wolgast Motor"]
[WhiteTeamCountry "GER"]
[BlackTeamCountry "GER"]

1. d4 Nf6 2. Nf3 b6 3. Nc3 Bb7 4. e3 g6 5. Bd3 d5 6. Qe2 Bg7 7. e4 dxe4 8. Nxe4 Nbd7 9. Bf4 0-0 10. 0-0 Nd5 11. Bd2 Re8 12. Rfe1 c6 13. Rad1 Qc7 14. g3 Rad8 15. Neg5 Nf8 16. c4 h6 17. Nxf7 Kxf7 18. cxd5 cxd5 19. Bf4 Qc8 20. Bb5 Bc6 21. Bxc6 Qxc6 22. Bxh6 Qf6 23. Ne5+ Kg8 24. Bxg7 Kxg7 25. Rc1 Ne6 26. Qe3 Rd6 27. Ng4 Qg5 28. Qxg5 Nxg5 29. Kg2 Ne6 30. Red1 Rb8 31. f4 b5 32. Kf3 Ra6 33. a3 b4 34. Ne5 bxa3 35. bxa3 Rxa3+ 36. Kg4 1/2-1/2

[Event "Mecklenburg VP LL2 West 1011"]
[Site "Mecklenburg VP"]
[Date "2011.02.27"]
[Round "7.1"]
[White "Luethke, Hans Eckart"]
[Black "Schulz, Bernd"]
[Result "1-0"]
[WhiteElo "2066"]
[BlackElo "1844"]
[PlyCount "60"]
[EventDate "2010.10.10"]
[EventType "team-tourn"]
[EventRounds "9"]
[EventCountry "GER"]
[SourceTitle "EXT 2022"]
[Source "ChessBase"]
[SourceDate "2021.10.06"]
[SourceVersion "1"]
[SourceVersionDate "2021.10.06"]
[SourceQuality "1"]
[WhiteTeam "Schwerin SF II"]
[BlackTeam "Wismar ASV Gruen-Weiss II"]
[WhiteTeamCountry "GER"]
[BlackTeamCountry "GER"]

1. e4 e5 2. Nf3 d6 3. d4 exd4 4. Nxd4 Nf6 5. Nc3 Nc6 6. Nxc6 bxc6 7. Be2 Be7 8. 0-0 0-0 9. Be3 Nd7 10. Qd2 a5 11. Rad1 Ba6 12. Bxa6 Rxa6 13. b3 Nb6 14. a4 Qc8 15. Ne2 c5 16. Ng3 Re8 17. Rfe1 Nd7 18. Qe2 Ra8 19. Bd2 Ne5 20. Bc3 Bf6 21. Nh5 Nd7 22. Nxf6+ Nxf6 23. f3 Qe6 24. Qd2 c4 25. e5 dxe5 26. Rxe5 Qc6 27. Rxe8+ Rxe8 28. Bxa5 Qc5+ 29. Kh1 cxb3 30. cxb3 Qe5 1-0

[Event "Mecklenburg VP LL2 West 0910"]
[Site "Mecklenburg VP"]
[Date "2010.03.21"]
[Round "8.1"]
[White "Luethke, Hans Eckart"]
[Black "Raessler, Arndt"]
[Result "1/2-1/2"]
[WhiteElo "2098"]
[BlackElo "1839"]
[PlyCount "48"]
[EventDate "2009.10.18"]
[EventType "team-tourn"]
[EventRounds "9"]
[EventCountry "GER"]
[SourceTitle "EXT 2016"]
[Source "ChessBase"]
[SourceDate "2015.10.08"]
[SourceVersion "1"]
[SourceVersionDate "2015.10.08"]
[SourceQuality "1"]
[WhiteTeam "Schwerin SF II"]
[BlackTeam "Wismar ASV Gruen-Weiss II"]
[WhiteTeamCountry "GER"]
[BlackTeamCountry "GER"]

1. e4 e6 2. Nf3 d5 3. Nc3 Nf6 4. e5 Nfd7 5. d4 c5 6. dxc5 Bxc5 7. Bd3 Nc6 8. Bf4 a6 9. 0-0 b5 10. a3 Nd4 11. Nxd4 Bxd4 12. Bxb5 Bxc3 13. Bxd7+ Bxd7 14. bxc3 Qc7 15. Qg4 Rg8 16. Qh3 h6 17. Rfb1 Rc8 18. Qd3 g5 19. Qh7 Rg6 20. Bg3 Ke7 21. h4 Rcg8 22. hxg5 Qxc3 23. Ra2 R8g7 24. Qh8 Rg8 1/2-1/2

[Event "Oberliga Nord N 0910"]
[Site "Germany"]
[Date "2010.02.28"]
[Round "7.7"]
[White "Van Riesen, Klaus"]
[Black "Luethke, Hans Eckart"]
[Result "1-0"]
[WhiteElo "2060"]
[BlackElo "2074"]
[PlyCount "101"]
[EventDate "2009.10.18"]
[EventType "team-tourn"]
[EventRounds "9"]
[EventCountry "GER"]
[SourceTitle "EXT 2011"]
[Source "ChessBase"]
[SourceDate "2010.11.26"]
[SourceVersion "1"]
[SourceVersionDate "2010.11.26"]
[SourceQuality "1"]
[WhiteTeam "Pinneberg"]
[BlackTeam "Schwerin"]
[WhiteTeamCountry "GER"]
[BlackTeamCountry "GER"]

1. d4 d5 2. c4 e6 3. Nc3 Be7 4. Nf3 Nf6 5. Bf4 0-0 6. e3 c6 7. Bd3 dxc4 8. Bxc4 Nbd7 9. 0-0 Nh5 10. Be5 Nb6 11. Bd3 g6 12. Qc2 Nd5 13. a3 Nxc3 14. bxc3 b6 15. c4 Bb7 16. c5 b5 17. h3 Qd7 18. Bh2 Rfd8 19. Ne5 Qe8 20. Be2 Nf6 21. Bf3 Nd5 22. Rab1 Bf8 23. Ng4 Bg7 24. Bd6 f6 25. e4 Ne7 26. Ne3 Nc8 27. e5 Nxd6 28. exd6 f5 29. Rfd1 Qf7 30. Nf1 a6 31. Qd3 Qf6 32. Rbc1 Re8 33. Qd2 Kh8 34. Qa5 Qd8 35. Qxd8 Raxd8 36. Rc2 Bf6 37. Re2 Kg7 38. g4 f4 39. Nh2 e5 40. g5 Bxg5 41. dxe5 h5 42. Bg2 Ra8 43. Nf3 Kh6 44. Nd4 a5 45. Nxb5 Ba6 46. Bxc6 Rec8 47. Bxa8 Bxb5 48. Rb2 Ba4 49. Rd4 Bd7 50. Bd5 Rxc5 51. e6 1-0

[Event "Mecklenburg VP LL 0708"]
[Site "Mecklenburg VP"]
[Date "2008.04.20"]
[Round "9.3"]
[White "Lang, Henry"]
[Black "Luethke, Hans Eckart"]
[Result "1/2-1/2"]
[WhiteElo "1906"]
[BlackElo "2173"]
[PlyCount "81"]
[EventDate "2007.10.21"]
[EventType "team-tourn"]
[EventRounds "9"]
[EventCountry "GER"]
[SourceTitle "EXT 2016"]
[Source "ChessBase"]
[SourceDate "2015.10.08"]
[SourceVersion "1"]
[SourceVersionDate "2015.10.08"]
[SourceQuality "1"]
[WhiteTeam "Stralsund FHSG"]
[BlackTeam "Schwerin SF"]
[WhiteTeamCountry "GER"]
[BlackTeamCountry "GER"]

1. d4 d5 2. c4 e6 3. Nc3 Be7 4. Nf3 Nf6 5. Bg5 h6 6. Bh4 0-0 7. e3 Nbd7 8. Bd3 dxc4 9. Bxc4 a6 10. a3 b5 11. Bd3 c5 12. dxc5 Nxc5 13. Bc2 Qb6 14. b4 Rd8 15. Qe2 Ncd7 16. 0-0 Bb7 17. Rac1 Rac8 18. Bb1 Bxf3 19. gxf3 Ne5 20. Bxf6 Bxf6 21. Ne4 Be7 22. Rxc8 Rxc8 23. Kg2 f5 24. Ng3 Qc6 25. Ba2 Kh7 26. Nh5 g5 27. e4 f4 28. Qb2 Qc3 29. Qxc3 Rxc3 30. Bxe6 Kg6 31. Bg4 Rxa3 32. Rc1 a5 33. Rc7 Nxg4 34. fxg4 Kf7 35. bxa5 Rxa5 36. Ng7 Kxg7 37. Rxe7+ Kf6 38. Re8 Ra4 39. Rb8 b4 40. Rb5 Ke6 41. e5 1/2-1/2

[Event "Mecklenburg VP LL 0708"]
[Site "Mecklenburg VP"]
[Date "2008.03.09"]
[Round "7.2"]
[White "Luethke, Hans Eckart"]
[Black "Bauer, Norbert"]
[Result "1-0"]
[WhiteElo "2173"]
[BlackElo "2008"]
[PlyCount "81"]
[EventDate "2007.10.21"]
[EventType "team-tourn"]
[EventRounds "9"]
[EventCountry "GER"]
[SourceTitle "EXT 2016"]
[Source "ChessBase"]
[SourceDate "2015.10.08"]
[SourceVersion "1"]
[SourceVersionDate "2015.10.08"]
[SourceQuality "1"]
[WhiteTeam "Schwerin SF"]
[BlackTeam "Torgelow Droegeheide"]
[WhiteTeamCountry "GER"]
[BlackTeamCountry "GER"]

1. Nf3 Nf6 2. g3 b6 3. Bg2 Bb7 4. c4 c5 5. Nc3 e6 6. 0-0 d6 7. a3 Be7 8. b4 0-0 9. d3 Nbd7 10. Bb2 a6 11. Rc1 Qc7 12. e4 Rad8 13. Qe2 Ne5 14. Nd2 Nc6 15. b5 Nd4 16. Qd1 axb5 17. Nxb5 Nxb5 18. cxb5 d5 19. e5 Nd7 20. f4 Qb8 21. Qe2 c4 22. dxc4 Bc5+ 23. Kh1 dxc4 24. Nxc4 Bxg2+ 25. Qxg2 f5 26. Rfd1 Rfe8 27. Qc6 Nf8 28. Qf3 Rxd1+ 29. Rxd1 Rd8 30. Rxd8 Qxd8 31. Kg2 g5 32. fxg5 Qxg5 33. Kf1 Ng6 34. Ke1 f4 35. Kd1 fxg3 36. hxg3 Ne7 37. Nd6 Nf5 38. Qa8+ Kg7 39. Qb7+ Kg6 40. Qf7+ Kh6 41. Qxe6+ 1-0

[Event "Mecklenburg VP LL 0708"]
[Site "Mecklenburg VP"]
[Date "2007.11.25"]
[Round "3.2"]
[White "Engel, Gunnar"]
[Black "Luethke, Hans Eckart"]
[Result "1/2-1/2"]
[WhiteElo "2020"]
[BlackElo "2173"]
[PlyCount "79"]
[EventDate "2007.10.21"]
[EventType "team-tourn"]
[EventRounds "9"]
[EventCountry "GER"]
[SourceTitle "EXT 2016"]
[Source "ChessBase"]
[SourceDate "2015.10.08"]
[SourceVersion "1"]
[SourceVersionDate "2015.10.08"]
[SourceQuality "1"]
[WhiteTeam "Rostock SSC 07 II"]
[BlackTeam "Schwerin SF"]
[WhiteTeamCountry "GER"]
[BlackTeamCountry "GER"]

1. d4 d5 2. c4 e6 3. Nc3 Be7 4. Nf3 Nf6 5. Bf4 0-0 6. e3 c6 7. Qc2 Nbd7 8. Bd3 Re8 9. 0-0 Nf8 10. Rfd1 Nh5 11. Rab1 Nxf4 12. exf4 dxc4 13. Bxc4 Bd6 14. g3 b6 15. Ne5 Bb7 16. Be2 Rc8 17. b4 Qe7 18. Qa4 f6 19. Nd3 Red8 20. Qb3 Kh8 21. Bg4 Bb8 22. Ne2 Rd6 23. Nb2 Rcd8 24. Nc4 R6d7 25. Rbc1 c5 26. dxc5 Rxd1+ 27. Rxd1 Rxd1+ 28. Qxd1 bxc5 29. bxc5 Qxc5 30. Nd2 Qd6 31. Nc1 f5 32. Be2 Nd7 33. Nf3 Qc6 34. Nd3 h6 35. Nb4 Qc7 36. Na6 Bxa6 37. Bxa6 Qc6 38. Qe2 Nc5 39. Bb5 Qd5 40. Bc4 1/2-1/2

[Event "Mecklenburg VP LL 0607"]
[Site "Mecklenburg VP"]
[Date "2007.01.28"]
[Round "5.2"]
[White "Luethke, Hans Eckart"]
[Black "Ruesch, Hans Joachim"]
[Result "1-0"]
[WhiteElo "2188"]
[BlackElo "2059"]
[PlyCount "85"]
[EventDate "2006.10.15"]
[EventType "team"]
[EventRounds "9"]
[EventCountry "GER"]
[SourceTitle "EXT 2008"]
[Source "ChessBase"]
[SourceDate "2007.11.25"]
[SourceVersion "1"]
[SourceVersionDate "2007.11.25"]
[SourceQuality "1"]
[WhiteTeam "Schwerin"]
[BlackTeam "Warnemuende SF Ostsee"]
[WhiteTeamCountry "GER"]
[BlackTeamCountry "GER"]

1. e4 g6 2. d4 Bg7 3. Nc3 d6 4. Bg5 h6 5. Be3 c6 6. Qd2 b5 7. Bd3 Nd7 8. f4 Ngf6 9. e5 Ng4 10. Nf3 Nxe3 11. Qxe3 Nb6 12. 0-0 dxe5 13. dxe5 b4 14. Ne4 Nd5 15. Qd2 0-0 16. Kh1 Qb6 17. Rae1 Bf5 18. Nh4 Bxe4 19. Bxe4 e6 20. g3 Rad8 21. Qe2 Rd7 22. Nf3 Rfd8 23. Bd3 a5 24. h4 Ne7 25. g4 c5 26. h5 gxh5 27. gxh5 Nf5 28. Bxf5 exf5 29. Rg1 Qc6 30. Qg2 f6 31. e6 Re7 32. Nh4 Qe8 33. Qg6 Qc6+ 34. Kh2 Rd2+ 35. Kh3 Kf8 36. Qxf5 Ke8 37. Rg3 Rd6 38. Rge3 Rd2 39. Qg6+ Kd8 40. Rd3+ Rxd3+ 41. Qxd3+ Kc8 42. f5 c4 43. Qe4 1-0